000 00643nam a2200241Ia 4500
003 OSt
005 20221007071651.0
006 a|||||r|||| 00| 0
007 ta
008 221006b |||||||| |||| 00| 0 eng d
024 _a27,390
037 _cTextual
040 _aFLL
_cFLL
_beng
041 _2eng
_aeng
082 _aZ611:922, L1
100 _aCory Hans
245 0 _aCustomary law of the haya tribe
260 _aLondon
_bFrank Cass & Co. Ltd. UK
_c1971
300 _a361p
_ccm.
700 _a Hartnoll M.M.
_9144494
942 _hZ611:922, L1
_cTEXL
_2CC
999 _c1143928
_d1143928